=LDR 00000nam 2200000 4500 =001 INLIS000000000003559 =005 20130612091848 =008 ***********************************Ind** =035 ##$$0010-061300000003559 =041 ##$$a Ind =082 ##$$a 642.5 =090 ##$$a 642.5, Sar b =100 ##$$a Sarwadi, Dicky =245 ##$$a Bartending, minuman internasional dan permasalahannya, Dicky Sarwadi =260 ##$$a 1987 $b Yogyakarta =300 ##$$a vii, 117 hlm., Ilus., 21 cm =650 ##$$a Rumah makan =850 ##$$a NBPNMAT